[Event "Quebec op U2000"]
[Site "Longueuil CAN"]
[Date "2018.07.22"]
[Round "2.39"]
[White "Marchand, Jacques"]
[Black "Pommainville, Roland"]
[Result "1-0"]
[WhiteElo "1882"]
[BlackElo "1634"]
[PlyCount "85"]
[EventDate "2018.07.21"]
[EventType "swiss"]
[EventRounds "9"]
[EventCountry "CAN"]

1. e4 Nc6 2. Nf3 d6 3. d4 Bg4 4. Be3 Qc8 5. Nbd2 e5 6. c3 exd4 7. cxd4 Nf6 8.
Bc4 Be7 9. h3 Bh5 10. d5 Ne5 11. Qa4+ c6 12. Nxe5 dxe5 13. dxc6 bxc6 14. Bd5
Nxd5 15. exd5 O-O 16. dxc6 f6 17. a3 Be8 18. Rc1 Qc7 19. O-O f5 20. b4 f4 21.
Bc5 Bxc5 22. Rxc5 Rf6 23. Qa5 Qxa5 24. Rxa5 Bxc6 25. Rxe5 Rg6 26. f3 Re8 27.
Rxe8+ Bxe8 28. Ne4 Bd7 29. Kf2 Ra6 30. Nc5 Rd6 31. Nxd7 Rxd7 32. Rc1 Kf7 33. b5
Ke7 34. Ke2 Kd8 35. Rd1 Rxd1 36. Kxd1 Kc7 37. Kc2 Kb6 38. a4 Kc5 39. Kc3 h5 40.
h4 g6 41. Kb3 Kd6 42. a5 Kc5 43. Ka4 1-0

[Event "Quebec op U2000"]
[Site "Longueuil CAN"]
[Date "2018.07.22"]
[Round "3.26"]
[White "Craciun, David"]
[Black "Mangahas, Ronald"]
[Result "1-0"]
[WhiteElo "1879"]
[BlackElo "1890"]
[PlyCount "113"]
[EventDate "2018.07.21"]
[EventType "swiss"]
[EventRounds "9"]
[EventCountry "CAN"]

1. d4 Nf6 2. Bf4 g6 3. Nc3 Bg7 4. e4 d6 5. Nf3 O-O 6. Qd2 c5 7. d5 a6 8. a4
Nbd7 9. Be2 Ng4 10. O-O Qa5 11. h3 Nge5 12. Nxe5 Nxe5 13. Bg5 f6 14. Bh4 Qb4
15. f4 Nc4 16. Qc1 Bd7 17. Na2 Qxb2 18. Qxb2 Nxb2 19. Rab1 Nxa4 20. Rxb7 Rfd8
21. Rfb1 Kf7 22. Be1 Ke8 23. Ba5 Rdc8 24. c4 f5 25. Bd1 fxe4 26. Rxd7 Nb2 27.
Rb7 Nxc4 28. Ba4+ Kf8 29. Bc7 Bd4+ 30. Kh2 Nb2 31. Bc2 e3 32. Nc1 Nc4 33. Ne2
Na3 34. Rc1 Rxc7 35. Rxc7 Bb2 36. Bd3 Bxc1 37. Nxc1 Rb8 38. Bxa6 Rb1 39. Ne2
Rb2 40. Rb7 Rd2 41. Rb3 Nc2 42. Bc4 Kf7 43. Rb2 Na3 44. Rxd2 exd2 45. Bb3 c4
46. Bd1 e6 47. dxe6+ Kxe6 48. Kg3 Kd5 49. Kf3 Kc5 50. Ke3 Nb1 51. g4 d5 52. f5
gxf5 53. gxf5 Kd6 54. Kd4 c3 55. Ng3 Na3 56. Kxc3 Ke5 57. Kxd2 1-0

[Event "Quebec op U2000"]
[Site "Longueuil CAN"]
[Date "2018.07.22"]
[Round "3.27"]
[White "Steinberg, Ellis"]
[Black "Marchand, Jacques"]
[Result "0-1"]
[WhiteElo "1801"]
[BlackElo "1882"]
[PlyCount "96"]
[EventDate "2018.07.21"]
[EventType "swiss"]
[EventRounds "9"]
[EventCountry "CAN"]

1. e4 e5 2. Nf3 Nc6 3. Bb5 f5 4. exf5 e4 5. Qe2 Qe7 6. Bxc6 dxc6 7. Nd4 Nh6 8.
Nc3 Nxf5 9. Nxf5 Bxf5 10. O-O O-O-O 11. Re1 Re8 12. Qc4 Qc5 13. Qa4 Bd6 14.
Nxe4 Rxe4 15. Rxe4 Bxe4 16. Qxe4 Qh5 17. f4 Bc5+ 18. d4 Qd1+ 19. Kf2 Bxd4+ 20.
Kg3 h5 21. Be3 Qxa1 22. Qe6+ Kd8 23. Bxd4 Re8 24. Qf7 Qe1+ 25. Kh3 Qe6+ 26.
Qxe6 Rxe6 27. Bxg7 Re2 28. c4 Rc2 29. Be5 Rxc4 30. Kh4 Rc2 31. Kxh5 Rxg2 32. h4
Ke7 33. Kh6 Kf7 34. h5 c5 35. a3 b5 36. a4 c6 37. a5 a6 38. Bc3 b4 39. Be5 c4
40. Bd4 c3 41. bxc3 b3 42. c4 b2 43. Bxb2 Rxb2 44. Kg5 Rg2+ 45. Kf5 Ra2 46. Ke5
Rxa5+ 47. Kd6 Rxh5 48. Kxc6 a5 0-1

[Event "Quebec op U2000"]
[Site "Longueuil CAN"]
[Date "2018.07.22"]
[Round "3.28"]
[White "Guipi Bopala, Prince Eric jr"]
[Black "Selling, Edward"]
[Result "1-0"]
[WhiteElo "1796"]
[BlackElo "1845"]
[PlyCount "67"]
[EventDate "2018.07.21"]
[EventType "swiss"]
[EventRounds "9"]
[EventCountry "CAN"]

1. d4 Nf6 2. c4 g6 3. Nc3 Bg7 4. e4 d6 5. f3 O-O 6. Be3 e5 7. Nge2 Nc6 8. d5
Ne7 9. Qd2 Nd7 10. g4 Nb6 11. Nc1 c6 12. Nb3 cxd5 13. cxd5 Bd7 14. O-O-O Rc8
15. Kb1 Nc4 16. Bxc4 Rxc4 17. Qe2 Qc7 18. Bxa7 Ra8 19. Bb6 Qc8 20. a3 Ba4 21.
Nxa4 Rcxa4 22. Rc1 Qe8 23. Rc7 Nc8 24. Rxb7 Nxb6 25. Rxb6 Bh6 26. Qc2 Qd8 27.
Rc6 Qb8 28. Rd1 R4a7 29. Rd3 Rb7 30. Rdc3 Kg7 31. Rc8 Qa7 32. Rxa8 Qxa8 33. Rc7
Be3 34. Qc6 1-0

[Event "Quebec op U2000"]
[Site "Longueuil CAN"]
[Date "2018.07.22"]
[Round "3.29"]
[White "Demers, Alexis"]
[Black "Turgeon, Yoakim"]
[Result "1-0"]
[WhiteElo "1686"]
[BlackElo "1825"]
[PlyCount "79"]
[EventDate "2018.07.21"]
[EventType "swiss"]
[EventRounds "9"]
[EventCountry "CAN"]

1. d4 d5 2. Bf4 e6 3. Nf3 Bd6 4. Bxd6 Qxd6 5. c4 Qb4+ 6. Qd2 Nc6 7. cxd5 exd5
8. Nc3 Nf6 9. a3 Qb6 10. e3 O-O 11. Bd3 Bg4 12. Ne5 Bh5 13. b4 a5 14. b5 Nxe5
15. dxe5 Nd7 16. Nxd5 Qc5 17. Nf4 Qxe5 18. O-O Nc5 19. Nxh5 Nb3 20. Qa2 Nxa1
21. Nf4 Rad8 22. Bc4 Qc3 23. Nd5 Qc2 24. Rxa1 Qxa2 25. Bxa2 Rd7 26. Kf1 h6 27.
Rc1 Rc8 28. Nb6 Rd2 29. Bxf7+ Kxf7 30. Nxc8 Rd7 31. Ke2 Ke8 32. Rd1 Rxd1 33.
Kxd1 Kd7 34. Na7 c6 35. b6 Kd6 36. Kc2 Kc5 37. Nc8 Kb5 38. e4 Kc5 39. e5 Kd5
40. f4 1-0

[Event "Quebec op U2000"]
[Site "Longueuil CAN"]
[Date "2018.07.22"]
[Round "3.30"]
[White "Robillard, Jean-Philippe"]
[Black "Desmarais, Serge"]
[Result "1-0"]
[WhiteElo "1819"]
[BlackElo "1626"]
[PlyCount "117"]
[EventDate "2018.07.21"]
[EventType "swiss"]
[EventRounds "9"]
[EventCountry "CAN"]

1. d4 Nf6 2. c4 e6 3. Nf3 d5 4. Bg5 Be7 5. e3 O-O 6. Bd3 dxc4 7. Bxc4 h6 8. Bh4
c5 9. Nc3 Nc6 10. O-O cxd4 11. exd4 a6 12. Qd3 Na5 13. Ne5 Nxc4 14. Qxc4 g5 15.
Bg3 Nh5 16. Rad1 Nxg3 17. hxg3 Bf6 18. Ne4 Bg7 19. f4 f5 20. Nc5 Qd5 21. Qc1 g4
22. Qe3 Kh7 23. Na4 Qb5 24. b3 Bxe5 25. dxe5 Bd7 26. Nb6 Rad8 27. a4 Qc6 28.
Rd6 Qc7 29. Rc1 Bc6 30. Rxe6 Qf7 31. Rf6 Qe7 32. Rxf8 Qxf8 33. Nc4 Qe7 34. Qb6
Rd7 35. Nd6 Rxd6 36. exd6 Qxd6 37. Qc5 Qe6 38. Qe5 Qd7 39. Kh2 Kg6 40. Qe2 Qd5
41. Rd1 Qe4 42. Rd6+ Kh7 43. Qb2 h5 44. Rd8 Kg6 45. Rg8+ Kf7 46. Qg7+ Ke6 47.
Qb2 Kd6 48. Rg6+ Kc7 49. Rh6 Kb8 50. Rxh5 Qd5 51. Rh8+ Kc7 52. Rf8 Kb6 53. a5+
Kxa5 54. Qc2 Qe4 55. Rxf5+ b5 56. Qd2+ Kb6 57. Qd8+ Ka7 58. Qc7+ Bb7 59. Qc5+
1-0

[Event "Quebec op U2000"]
[Site "Longueuil CAN"]
[Date "2018.07.22"]
[Round "3.31"]
[White "Marcone, Malcom"]
[Black "Parenteau, Francois"]
[Result "1-0"]
[WhiteElo "1997"]
[BlackElo "1884"]
[PlyCount "59"]
[EventDate "2018.07.21"]
[EventType "swiss"]
[EventRounds "9"]
[EventCountry "CAN"]

1. d4 d5 2. c4 e6 3. Nf3 Nf6 4. g3 Be7 5. Bg2 O-O 6. O-O dxc4 7. Ne5 Nc6 8.
Bxc6 bxc6 9. Nxc6 Qe8 10. Nxe7+ Qxe7 11. Qa4 e5 12. dxe5 Qxe5 13. Nc3 Be6 14.
Qb5 c5 15. Bf4 Qh5 16. f3 Rad8 17. Rad1 Rd4 18. Be3 Rxd1 19. Rxd1 Rc8 20. Qxc5
Qxc5 21. Bxc5 a6 22. Ba3 g6 23. Rd6 Ra8 24. Kf2 a5 25. e4 h5 26. h4 Kg7 27. Bc5
Rb8 28. Bd4 Rxb2+ 29. Ke3 Rg2 30. Kf4 1-0

[Event "Quebec op U2000"]
[Site "Longueuil CAN"]
[Date "2018.07.22"]
[Round "3.32"]
[White "Leger, Manon"]
[Black "Lalumiere, Claude"]
[Result "0-1"]
[WhiteElo "1752"]
[BlackElo "1923"]
[PlyCount "56"]
[EventDate "2018.07.21"]
[EventType "swiss"]
[EventRounds "9"]
[EventCountry "CAN"]

1. e4 c5 2. Nf3 d6 3. d4 cxd4 4. Nxd4 Nf6 5. Nc3 a6 6. Bg5 e6 7. f4 Be7 8. Qf3
Qc7 9. O-O-O Nbd7 10. g4 h6 11. Bxf6 gxf6 12. Bg2 Rb8 13. Rhe1 b5 14. Qh3 Nb6
15. Qh5 b4 16. Nce2 Nc4 17. f5 Ne3 18. Nf4 Nxd1 19. Rxd1 e5 20. Nd5 Qc5 21. Ne6
Bxe6 22. fxe6 Rf8 23. exf7+ Rxf7 24. Qxh6 Rc8 25. c3 bxc3 26. Nxc3 Qf2 27. Bf1
d5 28. exd5 Rxc3+ 0-1

[Event "Quebec op U2000"]
[Site "Longueuil CAN"]
[Date "2018.07.22"]
[Round "3.33"]
[White "Richard, Leo"]
[Black "Duplessis, Claude"]
[Result "1-0"]
[WhiteElo "1915"]
[BlackElo "1712"]
[PlyCount "67"]
[EventDate "2018.07.21"]
[EventType "swiss"]
[EventRounds "9"]
[EventCountry "CAN"]

1. d4 f5 2. c4 Nf6 3. Nf3 e6 4. g3 Be7 5. Bg2 O-O 6. O-O d6 7. Nc3 Ne4 8. Qc2
Nxc3 9. Qxc3 Nd7 10. Bf4 Nf6 11. Qb3 Rb8 12. Rfd1 Qe8 13. Rac1 Nh5 14. Bd2 f4
15. c5 fxg3 16. hxg3 Qf7 17. Be3 Bd7 18. cxd6 cxd6 19. d5 e5 20. Rf1 b6 21. Rc7
Nf6 22. Rxa7 Bg4 23. Ng5 Qe8 24. Ne6 Bxe2 25. Re1 Qh5 26. Rxe2 Ng4 27. Rxe7
Qh2+ 28. Kf1 Qxg3 29. Rxg7+ Kh8 30. Rxg4 Qxg4 31. Nxf8 Rxf8 32. Qd3 Qg3 33. Qe4
Qh2 34. Qg4 1-0

[Event "Quebec op U2000"]
[Site "Longueuil CAN"]
[Date "2018.07.22"]
[Round "3.34"]
[White "Hadji Ghanbari, Nader"]
[Black "Armstrong, Robert J"]
[Result "1-0"]
[WhiteElo "1895"]
[BlackElo "1512"]
[PlyCount "43"]
[EventDate "2018.07.21"]
[EventType "swiss"]
[EventRounds "9"]
[EventCountry "CAN"]

1. a3 f5 2. e4 fxe4 3. d3 Nf6 4. dxe4 e5 5. Nc3 Be7 6. Nf3 d6 7. Bc4 h6 8. h3
Nc6 9. Bd2 Bd7 10. O-O Qc8 11. Kh2 Be6 12. Nd5 Qd7 13. Nxc7+ Qxc7 14. Bxe6 Nd4
15. Nxd4 exd4 16. Bf4 g5 17. Bg3 h5 18. Kg1 Nxe4 19. Qxd4 Nf6 20. Rfe1 Kf8 21.
Qd3 Kg7 22. Qf5 1-0

[Event "Quebec op U2000"]
[Site "Longueuil CAN"]
[Date "2018.07.22"]
[Round "3.35"]
[White "Zhang, Hou Han"]
[Black "Morin, Louis"]
[Result "1-0"]
[WhiteElo "1770"]
[BlackElo "1899"]
[PlyCount "77"]
[EventDate "2018.07.21"]
[EventType "swiss"]
[EventRounds "9"]
[EventCountry "CAN"]

1. Nf3 Nc6 2. d4 d5 3. g3 Nf6 4. Bg2 Bf5 5. c4 dxc4 6. Nc3 e6 7. Qa4 Qd7 8.
Qxc4 O-O-O 9. O-O Nxd4 10. Rd1 b5 11. Qxd4 Qxd4 12. Rxd4 Bc5 13. Rxd8+ Rxd8 14.
Bg5 b4 15. Bxf6 gxf6 16. Nd1 e5 17. Ne3 Be6 18. b3 e4 19. Ne1 Rd2 20. Bxe4 Bxe3
21. fxe3 Rxe2 22. Ng2 f5 23. Bd3 Rb2 24. Nf4 Bd7 25. Rd1 Rxa2 26. Bc4 Be8 27.
Nd5 a5 28. Ne7+ Kb7 29. Rd8 Bc6 30. Nxc6 Kxc6 31. Bxf7 a4 32. Be8+ Kc5 33. Bxa4
Rxa4 34. bxa4 Kb6 35. Kf2 c5 36. Ke2 c4 37. Kd2 Ka5 38. Ra8+ Kb6 39. Kc2 1-0

[Event "Quebec op U2000"]
[Site "Longueuil CAN"]
[Date "2018.07.22"]
[Round "3.36"]
[White "Sharpe, Michael"]
[Black "Samson, Gaetan"]
[Result "0-1"]
[WhiteElo "1653"]
[BlackElo "1755"]
[PlyCount "78"]
[EventDate "2018.07.21"]
[EventType "swiss"]
[EventRounds "9"]
[EventCountry "CAN"]

1. c4 Nf6 2. Nc3 g6 3. g3 Bg7 4. Bg2 d6 5. Nf3 O-O 6. O-O c6 7. h3 Na6 8. d3
Nc7 9. Rb1 a6 10. Be3 b5 11. Nd4 c5 12. Bxa8 cxd4 13. Bxd4 Nxa8 14. Kg2 b4 15.
Na4 Qd7 16. Rh1 Bb7+ 17. f3 e5 18. Be3 e4 19. dxe4 Nxe4 20. Nc5 Nxc5 21. Bxc5
Qe6 22. Bxb4 Qxc4 23. a3 Re8 24. Re1 d5 25. Qd3 Qc6 26. Rbc1 Qe6 27. Rc2 Nb6
28. b3 d4 29. Bd2 Nd5 30. Bc1 h5 31. h4 a5 32. Qb5 Bc8 33. Rxc8 Rxc8 34. Qxa5
Ne3+ 35. Bxe3 Qxe3 36. Qa6 Rc3 37. Rb1 d3 38. Qa8+ Bf8 39. exd3 Rc2+ 0-1

[Event "Quebec op U2000"]
[Site "Longueuil CAN"]
[Date "2018.07.22"]
[Round "3.37"]
[White "Balogh, Alex"]
[Black "Messier, David"]
[Result "0-1"]
[WhiteElo "1703"]
[BlackElo "1826"]
[PlyCount "34"]
[EventDate "2018.07.21"]
[EventType "swiss"]
[EventRounds "9"]
[EventCountry "CAN"]

1. f4 e5 2. d3 d6 3. Nf3 Nc6 4. e4 Bg4 5. Be2 Be7 6. O-O Qd7 7. Nc3 Nf6 8. Be3
O-O-O 9. d4 Bxf3 10. Bxf3 exd4 11. Bxd4 Nxd4 12. Qxd4 Kb8 13. Rad1 Qc6 14. e5
d5 15. Kh1 Ne4 16. Nxd5 Ng3+ 17. hxg3 Bc5 0-1

[Event "Quebec op U2000"]
[Site "Longueuil CAN"]
[Date "2018.07.22"]
[Round "3.38"]
[White "Pommainville, Roland"]
[Black "Chevalier, Francois"]
[Result "0-1"]
[WhiteElo "1634"]
[BlackElo "1782"]
[PlyCount "108"]
[EventDate "2018.07.21"]
[EventType "swiss"]
[EventRounds "9"]
[EventCountry "CAN"]

1. Nf3 Nf6 2. b3 e6 3. Bb2 Be7 4. Nc3 d5 5. e3 O-O 6. d4 Nbd7 7. Bd3 b6 8. Qe2
Bb7 9. h3 c5 10. dxc5 bxc5 11. Ba6 Bxa6 12. Qxa6 Qb6 13. Qxb6 axb6 14. O-O Rfc8
15. Rad1 Ne8 16. Nb5 Rxa2 17. Rb1 Bf6 18. Bxf6 Ndxf6 19. c4 Ne4 20. cxd5 exd5
21. Rbd1 N8f6 22. Rd3 Ra5 23. Nc3 Nxc3 24. Rxc3 Ne4 25. Rcc1 Ra2 26. Rfd1 Nf6
27. Nd4 Rca8 28. Nf5 Kf8 29. Kf1 Rb2 30. Rb1 Rxb1 31. Rxb1 Ra2 32. f3 g6 33.
Nd6 Nh5 34. Nc8 Ng3+ 35. Kg1 b5 36. Kh2 Nf5 37. e4 dxe4 38. fxe4 Ne3 39. Nd6 b4
40. Rc1 Rxg2+ 41. Kh1 Rc2 42. Rxc2 Nxc2 43. Nc4 Nd4 44. Nd2 Ke7 45. Kg2 Ke6 46.
Kf2 g5 47. Ke3 h5 48. Kd3 g4 49. hxg4 hxg4 50. Kc4 Nf3 51. Nf1 Kd6 52. e5+
Nxe5+ 53. Kb5 f5 54. Ne3 f4 0-1

[Event "Quebec op U2000"]
[Site "Longueuil CAN"]
[Date "2018.07.23"]
[Round "4.26"]
[White "Robillard, Jean-Philippe"]
[Black "Craciun, David"]
[Result "0-1"]
[WhiteElo "1819"]
[BlackElo "1879"]
[PlyCount "114"]
[EventDate "2018.07.21"]
[EventType "swiss"]
[EventRounds "9"]
[EventCountry "CAN"]

1. e3 d5 2. b3 f5 3. Bb2 Nf6 4. Nh3 e6 5. Nf4 Be7 6. Nc3 O-O 7. d4 c5 8. Be2
Nc6 9. dxc5 Bxc5 10. Na4 Bb4+ 11. c3 Be7 12. c4 Bb4+ 13. Kf1 Ne7 14. cxd5 Nfxd5
15. Qd4 Rf6 16. Nh5 Rg6 17. g3 Nc6 18. Qc4 e5 19. Nc5 Rd6 20. Nd3 Be6 21. Qh4
Qxh4 22. gxh4 g6 23. Rg1 Kf8 24. Nxb4 Ndxb4 25. Ng3 f4 26. Ne4 Bh3+ 27. Rg2
Bxg2+ 28. Kxg2 Re6 29. Bc4 Re7 30. a3 Na6 31. Rc1 Na5 32. Bxa6 bxa6 33. a4 Kf7
34. b4 Nb7 35. Rc6 fxe3 36. fxe3 a5 37. b5 Rae8 38. Kf3 Kg7 39. Ra6 Rf8+ 40.
Ke2 Rc8 41. Ba3 Rd7 42. Rxa7 Rc4 43. Rxb7 Rc2+ 44. Kf3 Rxb7 45. Bd6 Rf7+ 46.
Kg3 Ra2 47. Bxe5+ Kg8 48. Nc5 Rf5 49. Bd4 Rxc5 50. Bxc5 Rxa4 51. b6 Ra1 52. Kf4
Rc1 53. Bd6 Rb1 54. Bc5 Rb5 55. Bd4 a4 56. Ke4 a3 57. Kd3 a2 0-1

[Event "Quebec op U2000"]
[Site "Longueuil CAN"]
[Date "2018.07.23"]
[Round "4.27"]
[White "Marcone, Malcom"]
[Black "Guipi Bopala, Prince Eric jr"]
[Result "1-0"]
[WhiteElo "1997"]
[BlackElo "1796"]
[PlyCount "63"]
[EventDate "2018.07.21"]
[EventType "swiss"]
[EventRounds "9"]
[EventCountry "CAN"]

1. Nf3 d5 2. d4 e6 3. c4 Be7 4. Bf4 Nf6 5. Nc3 O-O 6. e3 c6 7. h3 b6 8. cxd5
exd5 9. Qa4 Bb7 10. Bd3 Nbd7 11. O-O Re8 12. Rac1 a5 13. Qc2 Nf8 14. Ne5 Ng6
15. Bh2 Bd6 16. f4 Nd7 17. Qf2 Qe7 18. e4 Ndxe5 19. fxe5 Bc7 20. exd5 cxd5 21.
Nb5 Bb8 22. Nd6 Rf8 23. a4 Ba6 24. Bxa6 Rxa6 25. Qe2 Ra8 26. Qf3 Bxd6 27. exd6
Qg5 28. Rc7 Nh8 29. Bf4 Qf6 30. Qxd5 Qg6 31. Rfc1 Rae8 32. d7 1-0

[Event "Quebec op U2000"]
[Site "Longueuil CAN"]
[Date "2018.07.23"]
[Round "4.28"]
[White "Lalumiere, Claude"]
[Black "Steinberg, Ellis"]
[Result "0-1"]
[WhiteElo "1923"]
[BlackElo "1801"]
[PlyCount "134"]
[EventDate "2018.07.21"]
[EventType "swiss"]
[EventRounds "9"]
[EventCountry "CAN"]

1. e4 g6 2. d4 d6 3. Nc3 c6 4. Bc4 Bg7 5. Bb3 Nf6 6. f3 O-O 7. Be3 b5 8. Qd2 a5
9. a4 b4 10. Nce2 Nbd7 11. Ng3 Ba6 12. Bh6 c5 13. c3 bxc3 14. bxc3 Rb8 15. Bxg7
Kxg7 16. Ba2 cxd4 17. cxd4 Rb4 18. N1e2 Qb6 19. Qg5 Rb2 20. h4 Qb4+ 21. Kf1
Bxe2+ 22. Nxe2 h6 23. Qc1 Rb8 24. Rh3 Qd2 25. Qxd2 Rxd2 26. Bc4 Rbb2 27. Bb5
Nf8 28. Rg3 Ne6 29. d5 Nc5 30. Nf4 Kh7 31. Ke1 Nfd7 32. Kf1 Ne5 33. Kg1 Nb3 34.
Ra3 Rd1+ 35. Kh2 Rbb1 36. Rh3 Nc5 37. Ne2 Re1 38. Nd4 Rbd1 39. Nc2 Rg1 40. Ne3
Rc1 41. Kg3 Ra1 42. Rc3 Rgc1 43. Rxc1 Rxc1 44. h5 Ra1 45. f4 Ned3 46. Kf3 Ne1+
47. Ke2 Nxe4 48. hxg6+ fxg6 49. Nc4 Nc5 50. Re3 Kg7 51. Rxe7+ Kf6 52. Rc7 Nxg2
53. Kf3 Ne1+ 54. Ke2 Ne4 55. Be8 Kf5 56. Rf7+ Kg4 57. Ne3+ Kg3 58. Nf1+ Kg2 59.
Ne3+ Kg3 60. Rc7 Kxf4 61. Bxg6 Ng3+ 62. Kf2 Nh1+ 63. Ke2 Ng3+ 64. Kf2 Ra2+ 65.
Kxe1 Kxe3 66. Rc3+ Kf4 67. Be8 Re2+ 0-1

[Event "Quebec op U2000"]
[Site "Longueuil CAN"]
[Date "2018.07.23"]
[Round "4.29"]
[White "Mangahas, Ronald"]
[Black "Richard, Leo"]
[Result "0-1"]
[WhiteElo "1890"]
[BlackElo "1915"]
[PlyCount "78"]
[EventDate "2018.07.21"]
[EventType "swiss"]
[EventRounds "9"]
[EventCountry "CAN"]

1. e4 e5 2. Nf3 Nc6 3. d4 exd4 4. Nxd4 Nf6 5. Nc3 Bb4 6. Nxc6 bxc6 7. Bd3 d5 8.
exd5 cxd5 9. O-O O-O 10. Bg5 c6 11. Qf3 Be7 12. Rfe1 h6 13. Bd2 Bd6 14. h3 Rb8
15. b3 Nd7 16. Bf4 Qc7 17. Bxd6 Qxd6 18. Rad1 Nc5 19. Bf1 Qg6 20. Rd2 Bf5 21.
Ne2 Ne4 22. Rd4 Ng5 23. Qg3 Bxc2 24. Nf4 Qf6 25. Ra4 Rb7 26. Ra6 Ne4 27. Nh5
Qd4 28. Qf4 Rb6 29. Ra4 Rb4 30. Rxb4 Qxb4 31. Qc1 d4 32. f3 Nc5 33. Qxc2 Qxe1
34. Qxc5 Rd8 35. Qf5 d3 36. Qg4 Qa1 37. Kf2 d2 38. Be2 Qe1+ 39. Ke3 d1=N+ 0-1

[Event "Quebec op U2000"]
[Site "Longueuil CAN"]
[Date "2018.07.23"]
[Round "4.30"]
[White "Zhang, Hou Han"]
[Black "Hadji Ghanbari, Nader"]
[Result "1/2-1/2"]
[WhiteElo "1770"]
[BlackElo "1895"]
[PlyCount "120"]
[EventDate "2018.07.21"]
[EventType "swiss"]
[EventRounds "9"]
[EventCountry "CAN"]

1. Nf3 c5 2. g3 Nf6 3. Bg2 e6 4. O-O a6 5. c4 b5 6. d4 bxc4 7. Qa4 Bb7 8. dxc5
Bxc5 9. Qxc4 Qc7 10. Be3 Bb6 11. Nbd2 Nc6 12. Bf4 d6 13. Qb3 e5 14. Bg5 Nd7 15.
Nc4 e4 16. Bf4 Na5 17. Nxa5 Bxa5 18. Bxd6 Qxd6 19. Qxb7 O-O 20. Qxe4 Nf6 21.
Qf5 Bb6 22. e4 Rae8 23. e5 Qd7 24. Qf4 Ng4 25. Bh3 h5 26. Qg5 Nxe5 27. Bg2 Qg4
28. Qxg4 Nxg4 29. h3 Nxf2 30. Rxf2 Re2 31. Raf1 Rc8 32. Ne1 Rc1 33. Nd3 Rcc2
34. Bf3 Red2 35. Kg2 Bxf2 36. Rxf2 Rxf2+ 37. Nxf2 Rxb2 38. Bd5 Kf8 39. Kf3 Ke7
40. Ne4 g6 41. Bb3 f6 42. Nc5 a5 43. Nd3 Rd2 44. Nf4 g5 45. Nxh5 a4 46. Bxa4
Rxa2 47. Bc6 f5 48. h4 Ra3+ 49. Kg2 Ra2+ 50. Kg1 Ra6 51. Bb5 Ra1+ 52. Kf2 Ra2+
53. Ke3 gxh4 54. gxh4 Rh2 55. Ng3 Kf6 56. h5 Kg5 57. Kf3 Rb2 58. Be8 Rb3+ 59.
Kf2 Rb2+ 60. Kf3 Rb3+ 1/2-1/2

[Event "Quebec op U2000"]
[Site "Longueuil CAN"]
[Date "2018.07.23"]
[Round "4.31"]
[White "Turgeon, Yoakim"]
[Black "Beaudry, Marc-Andre"]
[Result "0-1"]
[WhiteElo "1825"]
[BlackElo "1996"]
[PlyCount "86"]
[EventDate "2018.07.21"]
[EventType "swiss"]
[EventRounds "9"]
[EventCountry "CAN"]

1. d4 Nf6 2. e3 e6 3. Bd3 b6 4. f4 Bb7 5. Nf3 c5 6. c3 Be7 7. Nbd2 d5 8. Ne5
O-O 9. Qf3 Qd6 10. g4 Ba6 11. g5 Ne8 12. Bc2 Nc6 13. h4 Rc8 14. Rg1 Nxe5 15.
fxe5 Qd8 16. Qh5 g6 17. Qg4 Ng7 18. Nf3 Qd7 19. Nh2 b5 20. Qg2 b4 21. Ng4 Qb5
22. Nf6+ Kh8 23. h5 Bxf6 24. gxf6 Nxh5 25. Bd1 Rg8 26. Qh2 bxc3 27. bxc3 Qd3
28. Bd2 Rb8 29. Rc1 Qe4 30. Rg5 Qd3 31. Qh1 Rb2 32. Rg2 Ng3 33. Qg1 Nf1 34. Bc2
Rxc2 35. Rxc2 Qxc2 36. Qh1 Qb1+ 37. Kf2 Qf5+ 38. Ke1 Nxd2 39. Kxd2 Rb8 40. e4
Qxe4 41. Qh6 Qd3+ 42. Ke1 Rb1+ 43. Kf2 Rf1# 0-1

[Event "Quebec op U2000"]
[Site "Longueuil CAN"]
[Date "2018.07.23"]
[Round "4.32"]
[White "Samson, Gaetan"]
[Black "De Lagrave, Sylvain"]
[Result "0-1"]
[WhiteElo "1755"]
[BlackElo "1953"]
[PlyCount "116"]
[EventDate "2018.07.21"]
[EventType "swiss"]
[EventRounds "9"]
[EventCountry "CAN"]

1. e4 c5 2. Nf3 d6 3. d4 cxd4 4. Nxd4 Nf6 5. Nc3 a6 6. Be2 Nbd7 7. O-O g6 8.
Be3 Bg7 9. f4 b5 10. a3 Bb7 11. Bf3 Qc7 12. Nb3 O-O 13. g4 Nb6 14. Na5 Nc4 15.
Nxc4 Qxc4 16. Qd3 Qc7 17. Rad1 Rad8 18. Qe2 Nd7 19. Rd3 Nb6 20. Qf2 Nc4 21. Bc1
Nxa3 22. Nd5 Bxd5 23. Rxa3 Bb7 24. Rd3 Rc8 25. c3 Qc4 26. Rfd1 b4 27. Rd4 Bxd4
28. Rxd4 Qc5 29. Rxb4 Qxf2+ 30. Kxf2 Rc7 31. Be3 f5 32. gxf5 gxf5 33. e5 Bxf3
34. exd6 exd6 35. Kxf3 Ra8 36. Bd4 Kf7 37. Ra4 d5 38. Ra1 Rc6 39. b4 Rg8 40.
Ra5 Ke6 41. b5 axb5 42. Rxb5 Rgc8 43. Rb3 R8c7 44. Ra3 Rb7 45. h3 Kd7 46. Ra5
Kd6 47. Ra3 Ke6 48. Ra8 Kf7 49. Ra3 Ke6 50. Ra8 Rb3 51. Re8+ Kd7 52. Re3 Rc4
53. h4 Rc6 54. Kg3 Re6 55. Rd3 h5 56. Be5 Kc6 57. Kf3 Kc5 58. Re3 Kc4 0-1

[Event "Quebec op U2000"]
[Site "Longueuil CAN"]
[Date "2018.07.23"]
[Round "4.33"]
[White "Selling, Edward"]
[Black "Desmarais, Serge"]
[Result "0-1"]
[WhiteElo "1845"]
[BlackElo "1626"]
[PlyCount "58"]
[EventDate "2018.07.21"]
[EventType "swiss"]
[EventRounds "9"]
[EventCountry "CAN"]

1. d4 d5 2. Nf3 Nf6 3. Bf4 c5 4. c3 e6 5. e3 Nc6 6. Nbd2 Bd6 7. Ne5 Qc7 8. Ndf3
Nh5 9. Bb5 Nxf4 10. exf4 f6 11. Nxc6 bxc6 12. Bd3 Bxf4 13. O-O c4 14. Bc2 Kf7
15. Re1 Bd7 16. g3 Bd6 17. Nh4 g6 18. Qf3 Rae8 19. Re2 e5 20. dxe5 Rxe5 21.
Rxe5 Bxe5 22. Qe3 Kg7 23. f4 Bd6 24. Nf3 Re8 25. Qd2 Qb6+ 26. Nd4 Qxb2 27. Rb1
Qxa2 28. Rb7 Re7 29. Ne6+ Bxe6 0-1

[Event "Quebec op U2000"]
[Site "Longueuil CAN"]
[Date "2018.07.23"]
[Round "4.35"]
[White "Duplessis, Claude"]
[Black "Messier, David"]
[Result "0-1"]
[WhiteElo "1712"]
[BlackElo "1826"]
[PlyCount "76"]
[EventDate "2018.07.21"]
[EventType "swiss"]
[EventRounds "9"]
[EventCountry "CAN"]

1. e4 c5 2. Nc3 Nc6 3. f4 d6 4. Nf3 g6 5. Bc4 Bg7 6. O-O e6 7. d3 Nge7 8. Qe1
a6 9. a4 Nd4 10. Nxd4 cxd4 11. Ne2 O-O 12. Qf2 d5 13. exd5 Nxd5 14. Rb1 Nb4 15.
Ng3 Bd7 16. Bb3 Rc8 17. Ne4 Bc6 18. Bd2 Nxc2 19. Rfc1 Ne3 20. Bb4 Bxe4 21. dxe4
Re8 22. Rxc8 Qxc8 23. h3 Qc6 24. Bd2 Qxe4 25. Re1 Rd8 26. Kh1 Qd3 27. Ba2 Nf5
28. Kh2 Qc2 29. g4 Nd6 30. Bb1 Qxb2 31. f5 Nc4 32. fxg6 hxg6 33. Bxg6 fxg6 34.
Re2 d3 35. Qh4 Bf6 36. g5 dxe2 37. gxf6 Qxd2 38. f7+ Kg7 0-1

[Event "Quebec op U2000"]
[Site "Longueuil CAN"]
[Date "2018.07.23"]
[Round "4.36"]
[White "Chevalier, Francois"]
[Black "Armstrong, Robert J"]
[Result "1/2-1/2"]
[WhiteElo "1782"]
[BlackElo "1512"]
[PlyCount "76"]
[EventDate "2018.07.21"]
[EventType "swiss"]
[EventRounds "9"]
[EventCountry "CAN"]

1. d4 f5 2. Nc3 Nf6 3. Nf3 e6 4. Bf4 Be7 5. e3 O-O 6. a3 Ne4 7. Bd3 Nxc3 8.
bxc3 d6 9. O-O Nd7 10. Rb1 Nf6 11. c4 Ne4 12. Bxe4 fxe4 13. Nd2 d5 14. c3 Bd6
15. Bxd6 Qxd6 16. c5 Qe7 17. f4 b6 18. Nb3 Bd7 19. Qd2 Ba4 20. cxb6 cxb6 21.
Qb2 Rac8 22. Rbc1 Bb5 23. Rfe1 Bd3 24. Nd2 Rc6 25. Qb4 Qxb4 26. cxb4 Rfc8 27.
Nb3 Bc4 28. Rc3 Bxb3 29. Rxb3 Rc2 30. Reb1 Kf7 31. R3b2 Ke7 32. a4 Kd7 33. a5
b5 34. Kf1 R8c3 35. Rb3 Rc1+ 36. Kf2 Rxb1 37. Rxb1 Rc2+ 38. Kg1 Rc3 1/2-1/2